00726cam a2200241 i 4500001000800000005001700008008004100025010001700066020001500083040001800098041000800116060001500124080001100139082001100150100000600161101000800167245006900175504005100244906004500295942001200340999001700352952011500369174428020180822073223.0760618s1976 paua b 001 0 eng  a 75021149  a0721665578 aDLCcDLCdDLC aeng aWL368 C976 a617.4800a617.48 a7 aNEU00aCurrent controversies in neurosurgery /cedited by T. P. Morley. aIncludes bibliographical references and index. a7bcbccorignewd1eocipf19gy-gencatlg 2ddccBK c47254d47254 00102lcc40708PËKGa002b002cPËKGd2018-08-22l0o617.48 MORp002-3011316r2018-08-22w2018-08-22yBK